12 Miesięcy w 20 Sekund - Statystyki

Ogólne statystyki
  • Ten quiz został rozwiązany 3 725 razy
  • Średni wynik to 9 z 12
Statystyki odpowiedzi
miesiąc % Poprawnych
styczeń
98%
luty
97%
marzec
94%
maj
91%
kwiecień
90%
czerwiec
85%
lipiec
82%
sierpień
70%
wrzesień
57%
październik
44%
listopad
37%
grudzień
27%
Nie znaleziono quizów pasujących do podanych kryteriów
Rozkład punktacji
Procent ludzi z każdym wynikiem
Percentyl według liczby udzielonych odpowiedzi
Twoja historia wyników
Nie rozwiązałeś tego quizu